000 01249 a2200253 4500
001 24915
005 20260407155531.0
008 260407a2006 arg spa d
003 AR-UNSa-BCEJYS
040 _aAR-UNSa-BCEJYS
_bspa
_cAR-UNSa-BCEJYS
080 _a657.41
_xContabilidad Financiera
245 1 0 _aCombinaciones de negocios
_psu tratamiento contable en el país y en el exterior
020 _a987-01-0446-0
250 _a3a. ed.
264 1 _aBuenos Aires :
_bErrepar
_c2006
300 _a243 p.
_c21 cm.
505 _a1. Combinaciones de negocios entre sociedades comerciales - 2. Combinaciones de negocios entre sociedades por compra de acciones - 3. Procedimiento de consolidación y medición al método del valor patrimonial proporcional. Normas vigentes - 4. Casos de aplicación práctica de las Resoluciones Técnicas 18 y 21 de la FACPCE - 5. Uniones transitorias de empresas - 6. Conversión de estados contables a moneda extranjera
942 _cBK
590 _aniveau_biblio:m niveau_hierar:0
100 1 _aColamussi, Rosa Teresa
700 1 _aBiondi, Mario
700 1 _aBiondi, Mario (h)
856 4 1 _uhttps://biblioeco.unsa.edu.ar/pmb/images/libros/Combinaciones de Negocios (2006).jpg
_yImagen de portada
_qimage/jpeg
999 _c1239
_d1239